Statystyki dla Państwa komunistyczne

Kliknij tutaj aby rozwiązać quiz!

Ogólne statystyki

  • Ten quiz został rozwiązany 4 143 razy
  • Średni wynik to 11 z 26

Statystyki odpowiedzi

LataPaństwo% Poprawnych
1944–1989Polska
94%
1922–1991Związek Radziecki
89%
od 1949Chińska Republika Ludowa
84%
1948–2009Korea Północna
74%
1945–1991Jugosławia
70%
1948–1990Czechosłowacja
66%
1949–1990Niemcy Wschodnie
66%
1947–1989Rumunia
65%
1949–1989Węgry
63%
od 1959Kuba
60%
1946–1990Bułgaria
56%
od 1976Wietnam
53%
1924–1992Mongolia
44%
1946–1992Albania
39%
od 1975Laos
34%
1979–1989Kambodża
31%
1978–1992Afganistan
25%
1975–1992Angola
15%
1987–1991Etiopia
13%
1970–1991Kongo
11%
1969–1991Somalia
11%
1975–1990Mozambik
9%
1967–1990Jemen Południowy
6%
1975–1990Benin
2%
1945–1976Wietnam Północny
2%
1979–1983Grenada
1%

Rozkład punktacji

Percentyl według liczby udzielonych odpowiedzi

Procent ludzi z każdym wynikiem

Twoja historia wyników

Nie rozwiązałeś tego quizu